000 00565nam a2200205 i 4500
001 67938
003 ES-MaACL
005 20250710062723.0
007 t|
008 040216s1958 fr ||||1| fre d
100 1 _aGallot, Suzanne.
_953648
245 1 4 _aLes vitamines /
_cpar Suzanne Gallot.
250 _a[8eme ed.].
260 _aParĂ­s :
_bPresses Universitaires de France,
_c1958.
300 _a128 p. ;
_c18 cm.
490 1 _aQue sais-je? ;
_v12
830 0 0 _aQue sais-je?
_v12
_9180931
852 _aES-MaACL
_jC-15575
_bR.43402
999 _c67938
_d67938